Loading...
Statistical statements relating to co-operative movement in India 1971 - 72
| Format: | Printed Book |
|---|---|
| Language: | Undetermined English |
| Series: | 1972
Credit socities Part 1 |
| Subjects: |
| LEADER | 00627nam a2200193Ia 4500 | ||
|---|---|---|---|
| 008 | 140306s9999 xx 000 0 und d | ||
| 041 | |a eng | ||
| 082 | |a 334 |b STA | ||
| 245 | |a Statistical statements relating to co-operative movement in India 1971 - 72 | ||
| 300 | |a 172 | ||
| 310 | |a RBI | ||
| 400 | |b RBI | ||
| 440 | |a 1972 |v Credit socities Part 1 | ||
| 650 | |a banks | ||
| 650 | |a co - operative credit socities | ||
| 650 | |a Co - operative movement | ||
| 942 | |2 ddc |c BK | ||
| 999 | |c 69021 |d 69021 | ||
| 952 | |0 0 |1 0 |2 ddc |4 0 |6 334_000000000000000_STA |7 0 |9 75372 |a KAUACV |b KAUACV |d 2004-06-03 |o 334 STA |p KAU_ACV-13860 |r 2014-03-22 |w 2014-03-22 |y BK | ||